Countries With the Word “Us” in Their Names - Statistics

General Stats
  • This quiz has been taken 56 times
  • The average score is 5 of 6
Answer Stats
Continent Countries % Correct
Oceania Australia
94%
Europe Russia
92%
Europe Austria
87%
Europe Belarus
81%
Africa Mauritius
73%
Asia Cyprus
56%
No matching quizzes found
Score Distribution
Percent of People with Each Score
Percentile by Number Answered
Your Score History
You have not taken this quiz